000 00315pab a2200133 454500
008 180718b1987 xxu||||| |||| 00| 0 eng d
245 _aSpecial issue on health and population
260 _c1987
300 _a4-95
362 _aSept.
650 _aHealth Services - India
773 _aSocial Change
909 _a9681
999 _c9681
_d9681